000 00232nam a2200097Ia 4500
008 190216s9999||||xx |||||||||||||| ||und||
100 _aRamrathan Batnagar
245 0 _aHindi-Nirala
260 _bMac Millian And Com. Ltd
942 _cBK
999 _c18025
_d18025